[Event "FIDE World Rapid Team"]
[Site "Almaty KAZ"]
[Date "2024.08.03"]
[Round "8.44"]
[White "Tulegenov, Amir"]
[Black "Akylbek, Zhaksylyk"]
[Result "0-1"]
[WhiteElo "1858"]
[BlackElo "1662"]
[WhiteTeam "Baiterekchess"]
[BlackTeam "Abai Chess Team"]
[WhiteFideId "13742167"]
[BlackFideId "13725980"]
[EventDate "2024.08.02"]

1. e4 c6 2. d4 d5 3. e5 Bf5 4. h4 h5 5. Bd3 Bxd3 6. Qxd3 e6 7. Bg5 Be7 8. Nf3
Nd7 9. Nbd2 c5 10. c4 cxd4 11. cxd5 Bxg5 12. hxg5 exd5 13. g6 Qe7 14. gxf7+ Qxf7
15. Qxd4 Ne7 16. Ng5 Qf5 17. Ndf3 Nc6 18. Qxd5 O-O-O 19. Qe6 Qg4 20. O-O-O Qf4+
21. Kb1 Rhe8 22. Qf7 Qg4 23. e6 Nde5 24. Rxd8+ Rxd8 25. Qxh5 Qf5+ 26. Ka1 Nb4
27. Rc1+ Kb8 28. Nd4 Qf4 29. Ne2 Qf6 30. Ne4 Qxe6 31. Nf4 Qxa2# 0-1

[Event "FIDE World Rapid Team"]
[Site "Almaty KAZ"]
[Date "2024.08.03"]
[Round "8.45"]
[White "Abuzyarov, Arlan"]
[Black "Primbetov, Nurassyl"]
[Result "1-0"]
[WhiteElo "1851"]
[BlackElo "1784"]
[WhiteTeam "Abai Chess Team"]
[BlackTeam "Baiterekchess"]
[WhiteFideId "13726820"]
[BlackFideId "447010193"]
[EventDate "2024.08.02"]

1. d4 d5 2. Nf3 Nf6 3. c4 e6 4. e3 c6 5. Nc3 Nbd7 6. Bd3 Bd6 7. O-O O-O 8. b3 e5
9. cxd5 cxd5 10. dxe5 Nxe5 11. Be2 Nxf3+ 12. Bxf3 Bxh2+ 13. Kxh2 Qc7+ 14. Kg1
Qxc3 15. Ba3 Re8 16. Rc1 Qe5 17. Qd4 Qxd4 18. exd4 Bd7 19. Bd6 Rac8 20. Rc5 b6
21. Rxc8 Rxc8 22. Re1 Be6 23. Re2 g6 24. Be7 Nd7 25. Rd2 Kg7 26. Be2 Nf6 27. f3
h5 28. Bd6 Nd7 29. Kf2 Bf5 30. Ba6 Rc1 31. Bb7 Be6 32. Bf4 b5 33. Ba6 b4 34. Bb5
a5 35. Rb2 Nb6 36. Bxc1 h4 37. Bf4 h3 38. gxh3 Bxh3 39. Rc2 Bf5 40. Rc7 Bb1 41.
Bd6 Bxa2 42. Bc5 Na8 43. Ra7 Bxb3 44. Rxa8 Bc2 45. Rxa5 b3 46. Ba3 g5 47. Ba4 g4
48. Rb5 gxf3 49. Bxb3 Be4 50. Bxd5 Bg6 51. Bxf3 f5 52. Rb7+ Kh6 53. Rb6 Kg5 54.
Rxg6+ Kxg6 55. Ke3 Kf6 56. Kf4 Ke6 57. d5+ Kd7 58. Kxf5 Kd8 59. Ke6 Ke8 60. d6
Kd8 61. d7 Kc7 62. Bd6+ Kb6 63. d8=Q+ Kb5 64. Qc7 Ka4 65. Qb7 Ka5 66. Bc5 Ka4
67. Bc6+ Ka5 68. Qa8# 1-0

[Event "FIDE World Rapid Team"]
[Site "Almaty KAZ"]
[Date "2024.08.03"]
[Round "8.46"]
[White "Shakhman, Asanali"]
[Black "Matymov, Madi"]
[Result "0-1"]
[WhiteElo "1537"]
[BlackElo "1824"]
[WhiteTeam "Baiterekchess"]
[BlackTeam "Abai Chess Team"]
[WhiteFideId "447018860"]
[BlackFideId "13721283"]
[EventDate "2024.08.02"]

1. e4 c5 2. c4 Nc6 3. Nc3 g6 4. g3 Bg7 5. Bg2 d6 6. Nge2 Nf6 7. O-O O-O 8. a3 e5
9. Rb1 Be6 10. d3 Nd7 11. b4 b6 12. f4 exf4 13. gxf4 Bg4 14. Qe1 Nd4 15. Be3 Nc2
16. Qc1 Nxe3 17. Qxe3 Bxe2 18. Nxe2 Qc7 19. Kh1 Rae8 20. Qd2 f5 21. exf5 Rxf5
22. Ng3 Rff8 23. f5 Ne5 24. Rbe1 Qd8 25. Bd5+ Kh8 26. Re4 gxf5 27. Nxf5 Qd7 28.
Qg5 Rf6 29. Ref4 Ref8 30. Rg1 Rg6 31. Qh5 Rxg1+ 32. Kxg1 Ng6 33. Qxg6 Bd4+ 34.
Kh1 Be5 35. Rg4 Qc8 36. Be6 Qa8+ 37. Re4 Qxe4+ 38. dxe4 hxg6 39. Nh4 Kg7 0-1

[Event "FIDE World Rapid Team"]
[Site "Almaty KAZ"]
[Date "2024.08.03"]
[Round "8.47"]
[White "Demezhanov, Tuleubek"]
[Black "Ishmukhametova, Gulnur"]
[Result "1-0"]
[WhiteElo "1776"]
[BlackElo "1538"]
[WhiteTeam "Abai Chess Team"]
[BlackTeam "Baiterekchess"]
[WhiteFideId "13707272"]
[BlackFideId "13773070"]
[EventDate "2024.08.02"]

1. e4 e5 2. Nf3 Nc6 3. Bb5 d6 4. c3 h6 5. d4 a6 6. Ba4 b5 7. Bb3 Nf6 8. O-O Nxe4
9. Bd5 Nxf2 10. Bxc6+ Bd7 11. Bxd7+ Qxd7 12. Rxf2 e4 13. Qe2 d5 14. Ne5 Qe6 15.
Nxf7 Rg8 16. Qh5 g6 17. Qe5 Qxe5 18. Nxe5 c5 19. Be3 c4 20. Nd2 Ke7 21. Rf7+ Ke8
22. Raf1 Bg7 23. Nc6 Bf8 24. Bxh6 Rc8 25. Bxf8 Rxc6 26. Bc5 a5 27. Rb7 g5 28.
Rb8+ Kd7 29. Rxg8 b4 30. Rg7+ 1-0

[Event "FIDE World Rapid Team"]
[Site "Almaty KAZ"]
[Date "2024.08.03"]
[Round "8.48"]
[White "Anvar, Sultan"]
[Black "Akylbek, Eskendir"]
[Result "1-0"]
[WhiteElo "1529"]
[BlackElo "1603"]
[WhiteTeam "Baiterekchess"]
[BlackTeam "Abai Chess Team"]
[WhiteFideId "13783815"]
[BlackFideId "13747860"]
[EventDate "2024.08.02"]

1. e4 e5 2. Nf3 Nc6 3. Bc4 Nf6 4. d3 Bc5 5. c3 a5 6. Nbd2 O-O 7. O-O d5 8. exd5
Nxd5 9. Ne4 Bb6 10. h3 h6 11. g4 Be6 12. Kh2 Nf4 13. Bxe6 fxe6 14. Bxf4 Rxf4 15.
g5 h5 16. g6 Qe7 17. Nfg5 Kf8 18. Qxh5 Ke8 19. Qh8+ Kd7 20. Qxa8 Nd8 21. Nf7
Nxf7 22. gxf7 Qxf7 23. Qxb7 Rf3 24. Kg2 Rf4 25. c4 Bd4 26. Nc5+ Bxc5 27. Qb5+
Kd6 28. d4 exd4 29. Qa6+ Ke7 30. Qxa5 Qg6+ 31. Kh2 Bd6 32. Kh1 Qe4+ 33. f3 Qh7
34. Kg2 Qg6+ 35. Kf2 Qc2+ 36. Ke1 Rf5 37. Qd2 Bg3+ 38. Rf2 Qxd2+ 39. Kxd2 Bxf2
40. Ke2 Be3 41. a4 Rg5 42. b4 Rg2+ 43. Kd3 Kd6 44. a5 Rd2+ 45. Ke4 Bf2 46. a6 d3
47. c5+ Ke7 48. a7 Re2+ 49. Kxd3 Re3+ 50. Kd2 Rb3 51. a8=Q Be3+ 52. Ke2 Bd4 53.
Rd1 e5 54. Rxd4 exd4 55. Qe4+ Kf8 56. Qxd4 Ra3 57. Qf4+ Kg8 58. Qxc7 Ra2+ 59.
Kd3 Ra3+ 60. Kc4 Ra1 61. Qd8+ Kh7 62. Qd3+ Kg8 63. c6 Rc1+ 64. Kb5 g5 65. Qg6+
Kf8 66. Qf6+ Ke8 67. Qe5+ Kd8 68. Qxg5+ Kc7 69. Qxc1 Kd6 70. Qf4+ Kd5 71. Qe4+
Kd6 72. Qd4+ Kc7 73. Qd7+ Kb8 74. Qb7# 1-0

[Event "FIDE World Rapid Team"]
[Site "Almaty KAZ"]
[Date "2024.08.04"]
[Round "9.1"]
[White "Teclaf, Pawel"]
[Black "Carlsen, Magnus"]
[Result "0-1"]
[WhiteTitle "GM"]
[BlackTitle "GM"]
[WhiteElo "2553"]
[BlackElo "2832"]
[WhiteTeam "Q4Rail Kingsofchess Krakow"]
[BlackTeam "WR Chess Team"]
[WhiteFideId "1185934"]
[BlackFideId "1503014"]
[EventDate "2024.08.02"]

1. e4 c5 2. Nf3 e6 3. d4 cxd4 4. Nxd4 a6 5. g3 d5 6. Nb3 Nf6 7. exd5 exd5 8. Bg2
Nc6 9. O-O Be7 10. Nc3 Be6 11. Bg5 O-O 12. Rb1 d4 13. Ne2 h6 14. Bc1 Bc4 15.
Bxc6 bxc6 16. Nbxd4 Qd7 17. b3 Bd5 18. Nc3 Rad8 19. Nxd5 Qxd5 20. Bb2 Bc5 21. c3
Ne4 22. c4 Qd7 23. Qc2 Rfe8 24. Rbd1 Qh3 25. f3 Ng5 26. Qg2 Qd7 27. Kh1 Ne6 28.
Nxe6 Qxd1 29. Nxd8 Re1 0-1

[Event "FIDE World Rapid Team"]
[Site "Almaty KAZ"]
[Date "2024.08.04"]
[Round "9.2"]
[White "Nepomniachtchi, Ian"]
[Black "Gareyev, Timur"]
[Result "1/2-1/2"]
[WhiteTitle "GM"]
[BlackTitle "GM"]
[WhiteElo "2767"]
[BlackElo "2541"]
[WhiteTeam "WR Chess Team"]
[BlackTeam "Q4Rail Kingsofchess Krakow"]
[WhiteFideId "4168119"]
[BlackFideId "14200937"]
[EventDate "2024.08.02"]

1. e4 e5 2. Nf3 Nc6 3. Bb5 a6 4. Ba4 Nf6 5. O-O Be7 6. Re1 d6 7. Bxc6+ bxc6 8.
d4 exd4 9. Nxd4 Bd7 10. Nc3 O-O 11. Bf4 h6 12. h3 Nh7 13. Qd3 Ng5 14. Rad1 Ne6
15. Bg3 Bh4 16. e5 Nxd4 17. Bxh4 Qxh4 18. Qxd4 Qxd4 19. Rxd4 Rfe8 20. Re3 d5 21.
Na4 Bf5 22. c3 g5 23. Nc5 a5 24. a4 Kg7 25. b4 Bc2 26. Rd2 Bf5 27. g4 Be6 28.
Rd4 h5 29. gxh5 Rh8 30. Rg3 Rxh5 31. h4 Kh6 32. hxg5+ Rxg5 33. Rh4+ Kg6 34. Rf4
Rxg3+ 35. fxg3 axb4 36. cxb4 Bf5 37. a5 Kg5 38. Kf2 Re8 39. Nb3 Rxe5 40. Nd4 Bg4
41. Rxf7 Re4 42. Rf4 Rxf4+ 43. gxf4+ Kxf4 44. a6 Bc8 45. Ne6+ Ke5 46. a7 Bb7 47.
Nc5 Ba8 48. Ke3 d4+ 49. Kd2 Kd6 50. Kc2 Ke5 51. Kd3 Kd5 52. Na6 Kd6 53. Kxd4 c5+
54. Nxc5 Kc6 55. Ne6 Kb6 56. Nxc7 Kxc7 1/2-1/2

[Event "FIDE World Rapid Team"]
[Site "Almaty KAZ"]
[Date "2024.08.04"]
[Round "9.3"]
[White "Bernadskiy, Vitaliy"]
[Black "Praggnanandhaa, R"]
[Result "1/2-1/2"]
[WhiteTitle "GM"]
[BlackTitle "GM"]
[WhiteElo "2530"]
[BlackElo "2749"]
[WhiteTeam "Q4Rail Kingsofchess Krakow"]
[BlackTeam "WR Chess Team"]
[WhiteFideId "14100371"]
[BlackFideId "25059530"]
[EventDate "2024.08.02"]

1. Nf3 Nf6 2. g3 c5 3. Bg2 Nc6 4. O-O e5 5. c4 d5 6. cxd5 Nxd5 7. Nc3 Nc7 8. d3
Be7 9. Nd2 O-O 10. Nc4 f6 11. f4 exf4 12. Bxf4 Ne6 13. Nd5 Nxf4 14. Rxf4 Be6 15.
Nxe7+ Qxe7 16. Bxc6 bxc6 17. Qd2 Rfe8 18. Re1 Bd5 19. Qc3 Rad8 20. b3 Kh8 21.
Nd2 a5 22. Nf1 Qa7 23. e3 Bf7 24. Ra4 Bg6 25. Rxa5 Rxd3 26. Qxc5 Qd7 27. Ra7 Qe6
28. Qb4 h6 29. Qb7 Rg8 30. Ra8 Rxa8 31. Qxa8+ Kh7 32. Qa5 Qd6 33. Qa4 Qe5 34.
Qf4 Qa5 35. Qf2 Rc3 36. Qd2 Qc5 37. Qd4 Qa5 38. Qd2 Qc5 39. Qd4 Qa5 40. Qd2 Qc5
41. Qd4 1/2-1/2

[Event "FIDE World Rapid Team"]
[Site "Almaty KAZ"]
[Date "2024.08.04"]
[Round "9.5"]
[White "Kulon, Klaudia"]
[Black "Kosteniuk, Alexandra"]
[Result "0-1"]
[WhiteTitle "IM"]
[BlackTitle "GM"]
[WhiteElo "2415"]
[BlackElo "2488"]
[WhiteTeam "Q4Rail Kingsofchess Krakow"]
[BlackTeam "WR Chess Team"]
[WhiteFideId "1131044"]
[BlackFideId "4128125"]
[EventDate "2024.08.02"]

1. c4 e5 2. g3 Nf6 3. Bg2 d5 4. cxd5 Nxd5 5. Nc3 Nb6 6. Nf3 Nc6 7. d3 Be7 8. O-O
O-O 9. a3 Be6 10. b4 a5 11. b5 Nd4 12. Bb2 Nb3 13. Rb1 f6 14. Ne4 a4 15. Ned2
Qd7 16. d4 exd4 17. Nxb3 Bxb3 18. Qc1 d3 19. exd3 Bd5 20. Nd2 Bxg2 21. Kxg2 Rac8
22. Kg1 Qxd3 23. Re1 Rfe8 24. Re3 Qd5 25. Qe1 Kf8 26. Bc3 Bc5 27. Bb4 Rxe3 28.
Qxe3 Bxb4 29. Rxb4 Re8 30. Ne4 Re5 31. f4 Qd1+ 32. Kg2 Rd5 33. Nf2 Qd2 34. Qe4
g6 35. Rb1 f5 36. Qe6 Rd6 37. Qe5 Qd5+ 38. Qxd5 Rxd5 39. Kf3 Rc5 40. Ke3 Rc3+
41. Kd4 Rxa3 42. Rc1 Rb3 43. Rxc7 a3 44. Rc2 Rb2 45. Kd3 a2 46. Rxb2 a1=Q 47.
Rc2 Qb1 48. Kd2 Qxb5 49. Nd3 Nc4+ 50. Kc1 Qb3 0-1

[Event "FIDE World Rapid Team"]
[Site "Almaty KAZ"]
[Date "2024.08.04"]
[Round "9.8"]
[White "Maghsoodloo, Parham"]
[Black "Narayanan, S.L."]
[Result "1/2-1/2"]
[WhiteTitle "GM"]
[BlackTitle "GM"]
[WhiteElo "2723"]
[BlackElo "2649"]
[WhiteTeam "Al-Ain ACMG UAE"]
[BlackTeam "Team MGD1"]
[WhiteFideId "12539929"]
[BlackFideId "5058422"]
[EventDate "2024.08.02"]

1. d4 Nf6 2. c4 e6 3. Nf3 d5 4. Nc3 c5 5. cxd5 cxd4 6. Qxd4 exd5 7. Bg5 Be7 8.
e3 O-O 9. Be2 Be6 10. O-O h6 11. Bh4 Nc6 12. Qd3 Qb6 13. Rfd1 Rfd8 14. h3 Rac8
15. a3 a6 16. b4 d4 17. exd4 Nxd4 18. Nxd4 Rc4 19. Na4 Qxd4 20. Qxd4 Rcxd4 21.
Rxd4 Rxd4 22. Bg3 Ne4 23. Be5 Rd5 24. Bf4 Bf6 25. Rc1 Bd4 26. Be3 Bxe3 27. fxe3
Re5 28. Bf3 Nd6 29. Kf2 b5 30. Rc6 bxa4 31. Rxd6 a5 32. bxa5 Rxa5 33. Rd8+ Kh7
34. Ra8 Rxa8 35. Bxa8 Kg6 36. Bc6 Bb3 37. Ke2 Kf5 38. Kd2 Ke5 39. Kc3 Kd6 40.
Be8 Kc5 41. h4 f6 42. g3 Bd1 43. Bf7 Bf3 44. Bc4 Bc6 45. Bd3 Bd7 46. Bc2 Bb5 47.
Bd1 Bd7 48. Kd3 Bf5+ 49. Kc3 Bd7 50. Bf3 Bb5 51. Be4 Bd7 52. Bh7 Bb5 53. Bg8 Bd7
54. Ba2 Bf5 55. Bc4 Bd7 56. Be2 Bc6 57. Bd1 Bb5 58. Bc2 Bd7 1/2-1/2

[Event "FIDE World Rapid Team"]
[Site "Almaty KAZ"]
[Date "2024.08.04"]
[Round "9.9"]
[White "Sadhwani, Raunak"]
[Black "Artemiev, Vladislav"]
[Result "1/2-1/2"]
[WhiteTitle "GM"]
[BlackTitle "GM"]
[WhiteElo "2653"]
[BlackElo "2699"]
[WhiteTeam "Team MGD1"]
[BlackTeam "Al-Ain ACMG UAE"]
[WhiteFideId "35093487"]
[BlackFideId "24101605"]
[EventDate "2024.08.02"]

1. e4 e5 2. Nf3 Nc6 3. Bb5 Nf6 4. O-O Nxe4 5. Re1 Nd6 6. Nxe5 Be7 7. Bf1 Nxe5 8.
Rxe5 O-O 9. Nc3 Ne8 10. Nd5 Bd6 11. Re1 c6 12. Ne3 Be7 13. c4 Nc7 14. d4 d5 15.
cxd5 Bb4 16. Bd2 Bxd2 17. Qxd2 Nxd5 18. Nxd5 Qxd5 19. Re5 Qd6 20. Bc4 Bd7 21.
Rae1 Rae8 22. Qc3 1/2-1/2

[Event "FIDE World Rapid Team"]
[Site "Almaty KAZ"]
[Date "2024.08.04"]
[Round "9.10"]
[White "Andreikin, Dmitry"]
[Black "Adhiban, Baskaran"]
[Result "1-0"]
[WhiteTitle "GM"]
[BlackTitle "GM"]
[WhiteElo "2729"]
[BlackElo "2532"]
[WhiteTeam "Al-Ain ACMG UAE"]
[BlackTeam "Team MGD1"]
[WhiteFideId "4158814"]
[BlackFideId "5018471"]
[EventDate "2024.08.02"]

1. d4 Nf6 2. Nf3 d5 3. c4 e6 4. Nc3 Bb4 5. e3 O-O 6. Bd2 Nbd7 7. Rc1 c6 8. Bd3
dxc4 9. Bxc4 Qe7 10. O-O e5 11. Bb3 e4 12. Ng5 a5 13. f3 exf3 14. Qxf3 Bxc3 15.
bxc3 h6 16. Nxf7 Nd5 17. e4 a4 18. Bc2 Rxf7 19. Qxf7+ Qxf7 20. Rxf7 Kxf7 21.
exd5 cxd5 22. Rb1 Nf6 23. Rb4 a3 24. Bb3 Ke7 25. c4 dxc4 26. Bxc4 Ne4 27. Bf4
Nd6 28. Bb3 Ra6 29. d5 g5 30. Be5 b6 31. Bd4 b5 32. Bc5 Bd7 33. Kf2 Kd8 34. h4
Kc7 35. hxg5 hxg5 36. Be3 g4 37. Bf4 Kd8 38. Rd4 Ke7 39. Bg5+ Kf7 40. Rf4+ Bf5
41. Ke3 Kg6 42. Be7 Nc4+ 43. Kd4 Nd2 44. Bd1 Nc4 45. Bb4 Kg5 46. g3 Ra8 47. Be2
Rc8 48. Be7+ Kg6 49. d6 Nb6 50. Bxb5 Rb8 51. Bc6 Rc8 52. Rxf5 Rxc6 53. Rc5 Rxc5
54. Kxc5 Nd7+ 55. Kc6 1-0

[Event "FIDE World Rapid Team"]
[Site "Almaty KAZ"]
[Date "2024.08.04"]
[Round "9.11"]
[White "Dronavalli, Harika"]
[Black "Lagno, Kateryna"]
[Result "1/2-1/2"]
[WhiteTitle "GM"]
[BlackTitle "GM"]
[WhiteElo "2502"]
[BlackElo "2532"]
[WhiteTeam "Team MGD1"]
[BlackTeam "Al-Ain ACMG UAE"]
[WhiteFideId "5015197"]
[BlackFideId "14109336"]
[EventDate "2024.08.02"]

1. Nf3 Nf6 2. d4 d5 3. e3 c5 4. Nbd2 cxd4 5. exd4 Nc6 6. c3 Bf5 7. Be2 Qc7 8.
Nf1 h6 9. Ng3 Bh7 10. Bd3 Bxd3 11. Qxd3 e6 12. Qe2 Be7 13. O-O O-O 14. Ne5 Nxe5
15. dxe5 Nd7 16. f4 Rae8 17. Be3 Bc5 18. Kh1 f5 19. exf6 Rxf6 20. Bxc5 Qxc5 21.
Rad1 Qf8 22. Nh5 Rf5 23. Qg4 Nf6 24. Nxf6+ Qxf6 25. g3 Qf7 26. Qe2 e5 1/2-1/2

[Event "FIDE World Rapid Team"]
[Site "Almaty KAZ"]
[Date "2024.08.04"]
[Round "9.12"]
[White "Al Maamari, Wafia Darwish"]
[Black "Shah Mihir"]
[Result "1/2-1/2"]
[WhiteTitle "WFM"]
[WhiteElo "1925"]
[BlackElo "1801"]
[WhiteTeam "Al-Ain ACMG UAE"]
[BlackTeam "Team MGD1"]
[WhiteFideId "9305734"]
[BlackFideId "46628878"]
[EventDate "2024.08.02"]

1. Nf3 Nf6 2. b3 g6 3. Bb2 Bg7 4. g3 O-O 5. Bg2 d6 6. d4 b5 7. O-O Bb7 8. c4
bxc4 9. bxc4 Nbd7 10. Nbd2 Re8 11. Qc2 e5 12. dxe5 dxe5 13. e3 Qe7 14. a4 e4 15.
Nd4 Nc5 16. Ba3 Qe5 17. Rab1 Rab8 18. Bxc5 Qxc5 19. Rb5 Qd6 20. Rfb1 c5 21. Rxb7
Rxb7 22. Rxb7 cxd4 23. c5 Qa6 24. Qb3 Re6 25. Bh3 dxe3 26. fxe3 Qe2 27. Bxe6
Qxd2 28. Bxf7+ Kh8 29. Rb8+ Bf8 30. Rxf8+ Kg7 31. Bxg6 Qe1+ 32. Kg2 Qe2+ 33. Kh3
Qg4+ 34. Kg2 Qe2+ 1/2-1/2

[Event "FIDE World Rapid Team"]
[Site "Almaty KAZ"]
[Date "2024.08.04"]
[Round "9.13"]
[White "Ding, Liren"]
[Black "Mamedyarov, Shakhriyar"]
[Result "1/2-1/2"]
[WhiteTitle "GM"]
[BlackTitle "GM"]
[WhiteElo "2745"]
[BlackElo "2733"]
[WhiteTeam "Decade China Team"]
[BlackTeam "Kazchess"]
[WhiteFideId "8603677"]
[BlackFideId "13401319"]
[EventDate "2024.08.02"]

1. d4 Nf6 2. c4 g6 3. h4 Bg7 4. Nc3 d5 5. h5 Nxh5 6. cxd5 e6 7. g4 Nf6 8. dxe6
Bxe6 9. e4 Qe7 10. g5 Nxe4 11. Nxe4 Bd5 12. f3 Nc6 13. Bg2 Nxd4 14. Ne2 O-O-O
15. Nxd4 Bxe4 16. fxe4 Bxd4 17. Qe2 Qb4+ 18. Kf1 1/2-1/2

[Event "FIDE World Rapid Team"]
[Site "Almaty KAZ"]
[Date "2024.08.04"]
[Round "9.16"]
[White "Sadvakasov, Darmen"]
[Black "Xu, Xiangyu"]
[Result "1/2-1/2"]
[WhiteTitle "GM"]
[BlackTitle "GM"]
[WhiteElo "2629"]
[BlackElo "2628"]
[WhiteTeam "Kazchess"]
[BlackTeam "Decade China Team"]
[WhiteFideId "13700464"]
[BlackFideId "8608288"]
[EventDate "2024.08.02"]

1. e4 c5 2. Nf3 Nc6 3. Bb5 Nf6 4. Nc3 Qc7 5. d3 e6 6. O-O d6 7. Re1 Bd7 8. Bf4
a6 9. Bxc6 Bxc6 10. e5 dxe5 11. Bxe5 Bd6 12. Bxd6 Qxd6 13. Ne5 b5 14. Nxc6 Qxc6
15. Ne4 Nxe4 16. dxe4 O-O 17. Qe2 Rfd8 18. Rad1 h6 19. f3 c4 20. Qe3 b4 21. a3
c3 22. axb4 cxb2 23. Qb3 Rxd1 24. Rxd1 Rc8 25. Qxb2 Qxc2 26. Qxc2 Rxc2 27. Rd8+
Kh7 28. Rd6 Rb2 29. Rxa6 Rxb4 1/2-1/2

[Event "FIDE World Rapid Team"]
[Site "Almaty KAZ"]
[Date "2024.08.04"]
[Round "9.17"]
[White "Ju, Wenjun"]
[Black "Assaubayeva, Bibisara"]
[Result "0-1"]
[WhiteTitle "GM"]
[BlackTitle "IM"]
[WhiteElo "2563"]
[BlackElo "2470"]
[WhiteTeam "Decade China Team"]
[BlackTeam "Kazchess"]
[WhiteFideId "8603006"]
[BlackFideId "13708694"]
[EventDate "2024.08.02"]

1. d4 Nf6 2. c4 g6 3. g3 Bg7 4. Bg2 O-O 5. Nc3 d6 6. Nf3 c5 7. O-O Nc6 8. dxc5
dxc5 9. Bf4 Nh5 10. Be3 b6 11. Qc1 Bb7 12. Bh6 Qe8 13. h3 Nd4 14. Bxg7 Nxg7 15.
Nxd4 Bxg2 16. Kxg2 cxd4 17. Nd5 Qc6 18. Kh2 Rfe8 19. b3 Ne6 20. Rd1 b5 21. Qa3
bxc4 22. Nxe7+ Rxe7 23. Qxe7 d3 24. exd3 Qf3 25. Rf1 cxd3 26. Rae1 d2 27. Rxe6
d1=Q 28. Rxd1 Qxf2+ 29. Kh1 Qf3+ 30. Kh2 Qxd1 31. Re2 Rc8 32. Rf2 Qd5 33. Qxa7
Rc1 34. Rg2 h5 35. h4 Qe4 36. Qf2 Qb1 37. Kh3 Rh1+ 38. Rh2 Rf1 39. Qe2 Qf5+ 40.
Kg2 Rc1 0-1

[Event "FIDE World Rapid Team"]
[Site "Almaty KAZ"]
[Date "2024.08.04"]
[Round "9.1"]
[White "Nihal, Sarin"]
[Black "Rapport, Richard"]
[Result "1/2-1/2"]
[WhiteTitle "GM"]
[BlackTitle "GM"]
[WhiteElo "2668"]
[BlackElo "2715"]
[WhiteTeam "Ashdod Chess Club"]
[BlackTeam "Chessy"]
[WhiteFideId "25092340"]
[BlackFideId "738590"]
[EventDate "2024.08.02"]

1. Nf3 Nf6 2. c4 g6 3. Nc3 Bg7 4. e4 d6 5. d4 O-O 6. Be2 e5 7. O-O Na6 8. Re1
Bg4 9. Be3 Bxf3 10. Bxf3 exd4 11. Bxd4 c6 12. Qd2 Re8 13. Rad1 h5 14. g3 Qe7 15.
Bg2 h4 16. b3 hxg3 17. hxg3 Nc7 18. Bh3 Ne6 19. Bxe6 Qxe6 20. Kg2 a6 21. e5 dxe5
22. Rxe5 Qd7 23. Qf4 Rxe5 24. Bxe5 Qe7 25. Bd4 Re8 26. Rd3 Nh5 27. Qf3 Bxd4 28.
Rxd4 Nf6 29. Rd3 Kg7 30. Re3 Qd8 31. Rxe8 Qxe8 32. Qf4 b5 33. cxb5 cxb5 34. Qd4
Qc6+ 35. Kg1 Kg8 36. a4 bxa4 37. bxa4 Kg7 38. a5 Kg8 39. Qd8+ Kg7 40. Qd4 Kg8
41. Qd8+ Kg7 1/2-1/2

[Event "FIDE World Rapid Team"]
[Site "Almaty KAZ"]
[Date "2024.08.04"]
[Round "9.2"]
[White "Van Foreest, Jorden"]
[Black "Eljanov, Pavel"]
[Result "1/2-1/2"]
[WhiteTitle "GM"]
[BlackTitle "GM"]
[WhiteElo "2696"]
[BlackElo "2672"]
[WhiteTeam "Chessy"]
[BlackTeam "Ashdod Chess Club"]
[WhiteFideId "1039784"]
[BlackFideId "14102951"]
[EventDate "2024.08.02"]

1. e4 e5 2. Nf3 Nc6 3. Bc4 Bc5 4. O-O d6 5. c3 Nf6 6. d3 O-O 7. Re1 a6 8. Nbd2
h6 9. Nf1 Ba7 10. a4 Be6 11. Bxe6 fxe6 12. b4 Qe8 13. Ra2 Nd7 14. Ng3 Qf7 15.
Be3 Bxe3 16. fxe3 Nf6 17. h3 Qd7 18. Qb3 a5 19. b5 Ne7 20. Nh4 Kh7 21. d4 Ng6
22. Nxg6 Kxg6 23. c4 exd4 24. exd4 e5 25. Rf2 Kh7 26. Qd3 Qe6 27. Rf5 g6 28.
Rff1 Nd7 29. Ne2 Qe7 30. Nc3 exd4 31. Qxd4 Qe5 32. Qxe5 Nxe5 33. Nd5 c6 34. Nb6
Rad8 35. Rxf8 Rxf8 36. Rd1 Rf6 37. c5 dxc5 38. Nd7 Nxd7 39. Rxd7+ Kg8 40. Rxb7
cxb5 41. Rxb5 Re6 42. Rxc5 Rxe4 43. Rxa5 Kf7 44. Ra6 Re2 45. Kh2 Re3 46. Kg1 Re2
47. a5 Ra2 48. Kf1 h5 49. h4 Ra4 50. g3 Ra3 51. Kf2 Kg7 52. Ra8 Kf6 53. a6 Kg7
54. Kg2 Kf7 55. Ra7+ Kf6 56. Ra8 Kf7 57. Kf2 Kg7 58. Ke2 Rxg3 59. Rc8 Ra3 60.
Rc6 Ra4 61. Rc7+ Kf6 62. a7 g5 63. Rc6+ Kg7 64. Rc7+ 1/2-1/2

[Event "FIDE World Rapid Team"]
[Site "Almaty KAZ"]
[Date "2024.08.04"]
[Round "9.3"]
[White "Volokitin, Andrei"]
[Black "Vidit, Santosh Gujrathi"]
[Result "0-1"]
[WhiteTitle "GM"]
[BlackTitle "GM"]
[WhiteElo "2667"]
[BlackElo "2720"]
[WhiteTeam "Ashdod Chess Club"]
[BlackTeam "Chessy"]
[WhiteFideId "14107090"]
[BlackFideId "5029465"]
[EventDate "2024.08.02"]

1. e4 e5 2. Nf3 Nc6 3. Bc4 Bc5 4. O-O Nf6 5. d3 d6 6. c3 O-O 7. h3 Bb6 8. Re1 h6
9. Nbd2 Ne7 10. a4 a5 11. Bb3 c6 12. Nf1 Ng6 13. Ng3 d5 14. exd5 Nxd5 15. d4
exd4 16. Nxd4 Re8 17. Rxe8+ Qxe8 18. Bxd5 cxd5 19. Be3 Bc7 20. Qd3 Bd7 21. b3
Bxg3 22. fxg3 Ne5 23. Qd2 f6 24. Bf4 Qg6 25. Rd1 Re8 26. Kh2 Qh5 27. Re1 Re7 28.
Bxe5 fxe5 29. Nf3 Bxh3 30. Kg1 e4 31. Nd4 Bg4 32. Qf4 Rf7 33. Qd6 Qg5 34. Nc2
Qd2 35. Rxe4 Qf2+ 0-1

[Event "FIDE World Rapid Team"]
[Site "Almaty KAZ"]
[Date "2024.08.04"]
[Round "9.4"]
[White "Sarana, Alexey"]
[Black "Moiseenko, Alexander"]
[Result "1-0"]
[WhiteTitle "GM"]
[BlackTitle "GM"]
[WhiteElo "2717"]
[BlackElo "2562"]
[WhiteTeam "Chessy"]
[BlackTeam "Ashdod Chess Club"]
[WhiteFideId "24133795"]
[BlackFideId "14102560"]
[EventDate "2024.08.02"]

1. d4 Nf6 2. c4 e6 3. Nc3 Bb4 4. e3 O-O 5. Bd3 d5 6. Nf3 b6 7. O-O Ba6 8. cxd5
exd5 9. Bxa6 Nxa6 10. Qd3 Qc8 11. b3 Re8 12. Bb2 Bf8 13. Rac1 Nb4 14. Qb1 a5 15.
Ne5 Qb7 16. Qf5 c5 17. Rfd1 Rad8 18. h3 cxd4 19. exd4 Rc8 20. a3 Nc6 21. Nb5 Ne7
22. Qf3 Ng6 23. a4 Rxc1 24. Bxc1 Nxe5 25. dxe5 Rxe5 26. Bb2 Re6 27. Nd4 Re8 28.
Nf5 Re6 29. Nh6+ Kh8 30. Nf5 Kg8 31. g3 Ne4 32. Ne3 Rd6 33. h4 b5 34. Nf5 Re6
35. axb5 Rb6 36. Rc1 Rxb5 37. Qg4 g6 38. Rc8 h5 39. Nh6+ Kh7 40. Rxf8 f6 41. Qe6
Kxh6 42. Rh8+ 1-0